| 000 | 00390cam a2200145Ia 4500 | ||
|---|---|---|---|
| 020 | _a1863200991 | ||
| 040 | _cAGL | ||
| 082 | 0 | 0 | _a632 ACI 1994 A052 Or. |
| 100 | 1 | _aWaterhouse, D. F | |
| 245 | 1 | 0 |
_aBiological control of weeds : _bSoutheast Asian prospects / |
| 260 |
_aCanberra, Australia : _bACIAR, _c1994 |
||
| 300 |
_av, 302 p. : _bill., maps ; _c25 cm |
||
| 650 | 0 | _aWeeds | |
| 942 | _cEK | ||
| 999 |
_c14522 _d14522 |
||